MARC

LEADER 00000nam a22000007a 4500
005 20200304203723.0
007 cr|||| |||
008 200304s2019 es |||||s|||| 00||0 spa d
020 |a 978-84-17310-69-1 
035 |a 31037 
040 |a vLex 
090 |c 10169  |d 10169 
100 1 |a Pumar Beltrǹ, Nr︢ia 
245 1 0 |a Derechos@gňero  |h [Recurso electrn̤ico] /  |c Nr︢ia Pumar Beltrǹ, Julia Lp̤ez Lp̤ez. Margarita Isabel Ramos Quintana, Mara̕ Amparo Ballester Pastor, Consuelo Chacartegui Jv̀ega, Claudia Patricia Alvarado Bedoya, Susana Rodrg̕uez-Escanciano, Patrocinio Rodrg̕uez Ramos, Telma Vega Felgueroso, Tania Bazzani 
256 |a Servicio en ln̕ea 
260 |a Albacete:  |b Editorial Bomarzo,  |c 2019 
300 |a 1 recurso electrn̤ico 
506 1 |a Disponible solo en los productos indicados  |d vLex Global  |d vLex Global (Academic Edition, excluding Law Schools)  |d vLex Global (U.S. Academic Edition, Law Schools)  |d vLex Global (U.S. Academic Edition, excluding Law Schools)  |d vLex Global (Academic Edition, Law Schools) 
650 0 4 |a Derecho Laboral y Seguridad Social  |z Espaą 
700 1 |a Lp̤ez Lp̤ez, Julia 
700 1 |a Ramos Quintana, Margarita Isabel 
700 1 |a Ballester Pastor, Mara̕ Amparo 
700 1 |a Chacartegui Jv̀ega, Consuelo 
700 1 |a Alvarado Bedoya, Claudia Patricia 
700 1 |a Rodrg̕uez-Escanciano, Susana 
700 1 |a Rodrg̕uez Ramos, Patrocinio 
700 1 |a Vega Felgueroso, Telma 
700 1 |a Bazzani, Tania 
740 0 |a vLex Libros (Servicio en ln̕ea) 
856 4 0 |u http://vlex.com/source/derechos-genero-31037  |z Acceso restringido 
942 |c BOOK 
999 0 |a Labor law and social security